Seçim 77 ve Ecevit'e saldırılar (Record no. 7937)
[ view plain ]
| 000 -BAŞLIK | |
|---|---|
| Sabit Uzunlukta Kontrol Alanı | 00821na a2200265 4500 |
| 999 ## - SİSTEM KONTROL NUMARALARI (KOHA) | |
| Koha Biblionumber | 7937 |
| Koha Biblioitemnumber | 7937 |
| 001 - KONTROL NUMARASI | |
| Denetim Alanı | 15944 |
| 003 - KONTROL NUMARASI IDENTIFIER | |
| Denetim Alanı | MIRAKIL |
| 005 - SON İŞLEM TARİHİ VE ZAMANI | |
| Denetim Alanı | 20190904111056.0 |
| 008 - SABİT-BOY VERİ ELEMANLARI - GENEL BİLGİLER | |
| Sabit Uzunlukta Kontrol Alanı | 161108b tu 000 0 |
| 035 ## - SİSTEM KONTROL NUMARASI | |
| Sistem Kontrol Numarası | 15944 |
| 040 ## - KATALOGLAMA KAYNAK | |
| Orijinal Kataloglama Ajansı | Milas |
| Kataloglama Dili | tur |
| Metne Dönüştürmek Ajansı | TR-AnCHP |
| 082 ## - DEWEY ONLU SINIFLANDIRMA NUMARASI | |
| Sınıflandırma Numarası | CHP 303.6 |
| Ürün Numarası | G95s 1977 |
| 090 ## - SINIFLAMA NUMARASI | |
| Sınıflama Numarası | CHP 303.6 G95s 1977 |
| 100 ## - ANA GİRİŞ - KİŞİSEL İSİM | |
| Kişisel Ad | Güngör, Turgut |
| 245 ## - BAŞLIK TABLOSU | |
| Başlık | Seçim 77 ve Ecevit'e saldırılar |
| Sorumluluk Tablosu, Vb | Turgut Güngör |
| 246 ## - UNVAN FORM VARYING | |
| Başlık Doğru / Kısa Başlığı | Ecevit'e saldırılar |
| 260 ## - YAYIN, DAĞITIM, VB | |
| Yayın, Dağıtım, Vb Yeri | İstanbul |
| Yayıncı, Dağıtıcı, Vs Adı | Erdini Basım ve Yayınevi |
| Yayın, Dağıtım, Vb Tarihi | 1977 |
| 300 ## - FİZİKSEL TANIM | |
| Kapsam | 204 s. |
| Boyutlar | 18 sm. |
| 600 14 - KONU KATMA GİRİŞ - KURUMSAL ADI | |
| 9 (RLIN) | 1370 |
| Kişisel Ad | Ecevit, Bülent |
| Başlıklar Ve Bir Adla İlişkili Diğer Kelimeler | CHP Eski Genel Başkanı |
| Bir Adıyla İlişkilendirilen Tarihler | 1925-2006 |
| Genel Alt Bölümü | Siyasi yaşamöyküsü |
| 610 ## - KONU KATMA GİRİŞ - TOPLANTI ADI | |
| Giriş Elemanı Olarak Kurumsal Ad Veya Yargı Alanı Adı | CHP |
| Genel Alt Bölüm | Şiddet |
| Kronolojik Alt Bölüm | 1977 |
| 651 ## - KONU KATMA GİRİŞ - COĞRAFİ ADI | |
| Coğrafi İsim | Türkiye |
| Genel Alt Bölümü | Devlet adamları |
| Kronolojik Alt Bölümü | Yaşamöyküsü |
| 651 ## - KONU KATMA GİRİŞ - COĞRAFİ ADI | |
| Coğrafi İsim | Türkiye |
| Genel Alt Bölümü | Siyaset ve yönetim |
| 942 ## - EKLENDİ GİRİŞ ELEMANLARI (KOHA) | |
| Koha Öğesi Türü | Books |
| 999 ## - SİSTEM KONTROL NUMARALARI (KOHA) | |
| Koha Biblioitemnumber | 7937 |
| Kalıcı Konum | Mevcut Konum | Edinme Tarihi | Edinim Kaynak | Toplam Check-Out'Lar | Tam Çağrı Numarası | Barkod | Tarih Son Görülme | İtibaren Geçerli Fiyatlar | Koha Öğesi Türü |
|---|---|---|---|---|---|---|---|---|---|
| CHP Kütüphanesi | CHP Kütüphanesi | 09/27/2016 | Bağış | CHP 303.6 G95s 1977 | 004597 | 09/27/2016 | 09/27/2016 | Books |
